00514nam a2200181Ia 450000500170000000800410001704000190005804100120007708200130008910000240010224500950012626000270022130000170024850400190026565000120028470000260029685000100032220240613093655.0131103s9999 xx 000 0 und d aLoreto College aEnglish a574bFAR aFarmer, J. Bretland 2aA practical introduction to the study of botanycJ. Bretland Farmer & Haraprasad Chaudhuri aLondonbLongmansc1926 a300p.b ill. aIncludes index aBiology aChaudhuri, Haraprasad aLCBED